<?xml version="1.0" encoding="UTF-8"?>
<record
    xmlns:xsi="http://www.w3.org/2001/XMLSchema-instance"
    xsi:schemaLocation="http://www.loc.gov/MARC21/slim http://www.loc.gov/standards/marcxml/schema/MARC21slim.xsd"
    xmlns="http://www.loc.gov/MARC21/slim">

  <leader>01007nam a2200181Ia 4500</leader>
  <datafield tag="999" ind1=" " ind2=" ">
    <subfield code="c">47251</subfield>
    <subfield code="d">47251</subfield>
  </datafield>
  <controlfield tag="001">14111</controlfield>
  <controlfield tag="003">GE_BSU</controlfield>
  <controlfield tag="005">20241108163455.0</controlfield>
  <controlfield tag="008">181216s2013||||ru |||||||||||||| ||rus||</controlfield>
  <datafield tag="020" ind1=" " ind2=" ">
    <subfield code="a">9789664700440</subfield>
  </datafield>
  <datafield tag="040" ind1=" " ind2=" ">
    <subfield code="c">GE_BSU</subfield>
  </datafield>
  <datafield tag="080" ind1=" " ind2=" ">
    <subfield code="a">372.82(161.2) &#x414;-85</subfield>
  </datafield>
  <datafield tag="245" ind1=" " ind2=" ">
    <subfield code="a">&#x414;&#x443;&#x445;&#x43E;&#x432;&#x43D;&#x43E;-&#x43D;&#x440;&#x430;&#x432;&#x441;&#x442;&#x432;&#x435;&#x43D;&#x43D;&#x43E;&#x435; &#x432;&#x43E;&#x441;&#x43F;&#x438;&#x442;&#x430;&#x43D;&#x438;&#x435; &#x43F;&#x43E;&#x434;&#x440;&#x430;&#x441;&#x442;&#x430;&#x44E;&#x449;&#x435;&#x433;&#x43E; &#x43F;&#x43E;&#x43A;&#x43E;&#x43B;&#x435;&#x43D;&#x438;&#x44F; &#x447;&#x435;&#x440;&#x435;&#x437; &#x432;&#x43D;&#x435;&#x434;&#x440;&#x435;&#x43D;&#x438;&#x435; &#x438;&#x43D;&#x43D;&#x43E;&#x432;&#x430;&#x446;&#x438;&#x43E;&#x43D;&#x43D;&#x43E;-&#x43F;&#x435;&#x434;&#x430;&#x433;&#x43E;&#x433;&#x438;&#x447;&#x435;&#x441;&#x43A;&#x438;&#x445; &#x43F;&#x440;&#x43E;&#x435;&#x43A;&#x442;&#x43E;&#x432; &#x432; &#x434;&#x43E;&#x448;&#x43A;&#x43E;&#x43B;&#x44C;&#x43D;&#x44B;&#x445; &#x438; &#x43E;&#x431;&#x449;&#x435;&#x43E;&#x431;&#x440;&#x430;&#x437;&#x43E;&#x432;&#x430;&#x442;&#x435;&#x43B;&#x44C;&#x43D;&#x44B;&#x445; &#x443;&#x447;&#x435;&#x431;&#x43D;&#x44B;&#x445; &#x437;&#x430;&#x432;&#x435;&#x434;&#x435;&#x43D;&#x438;&#x438; : &#x421;&#x431;&#x43E;&#x440;&#x43D;&#x438;&#x43A; &#x43D;&#x430;&#x443;&#x447;&#x43D;&#x44B;&#x445; &#x441;&#x442;&#x430;&#x442;&#x435;&#x439; :</subfield>
    <subfield code="b">&#x41C;&#x430;&#x442;&#x435;&#x440;&#x438;&#x430;&#x43B;&#x44B; &#x43D;&#x430;&#x443;&#x447;&#x43D;&#x43E;-&#x43F;&#x440;&#x430;&#x43A;&#x442;&#x438;&#x447;&#x435;&#x441;&#x43A;&#x43E;&#x439; &#x43A;&#x43E;&#x43D;&#x444;&#x435;&#x440;&#x435;&#x43D;&#x446;&#x438;&#x438; /</subfield>
    <subfield code="c">&#x41F;&#x43E;&#x434;. &#x440;&#x435;&#x434;. &#x425;&#x430;&#x439;&#x440;&#x443;&#x442;&#x434;&#x438;&#x43D;&#x43E;&#x432;&#x430;</subfield>
  </datafield>
  <datafield tag="264" ind1=" " ind2=" ">
    <subfield code="a">&#x421;&#x438;&#x43C;&#x444;&#x435;&#x440;&#x43E;&#x43F;&#x43E;&#x43B;&#x44C; :</subfield>
    <subfield code="b">&#x422;&#x44D;&#x437;&#x438;&#x441;,</subfield>
    <subfield code="c">2013.</subfield>
  </datafield>
  <datafield tag="300" ind1=" " ind2=" ">
    <subfield code="a">160 &#x441;&#x442;&#x440;. ;</subfield>
    <subfield code="c">24 &#x441;&#x43C;.</subfield>
  </datafield>
  <datafield tag="653" ind1=" " ind2=" ">
    <subfield code="a">&#x414;&#x443;&#x445;&#x43E;&#x432;&#x43D;&#x43E;-&#x43D;&#x440;&#x430;&#x432;&#x441;&#x442;&#x432;&#x435;&#x43D;&#x43D;&#x43E;&#x435; &#x432;&#x43E;&#x441;&#x43F;&#x438;&#x442;&#x430;&#x43D;&#x438;&#x435; &#x43F;&#x43E;&#x434;&#x440;&#x430;&#x441;&#x442;&#x430;&#x44E;&#x449;&#x435;&#x433;&#x43E; &#x43F;&#x43E;&#x43A;&#x43E;&#x43B;&#x435;&#x43D;&#x438;&#x44F;</subfield>
  </datafield>
  <datafield tag="942" ind1=" " ind2=" ">
    <subfield code="c">BK</subfield>
    <subfield code="2">udc</subfield>
  </datafield>
  <datafield tag="952" ind1=" " ind2=" ">
    <subfield code="0">0</subfield>
    <subfield code="1">0</subfield>
    <subfield code="2">udc</subfield>
    <subfield code="4">0</subfield>
    <subfield code="6">372821612_&#x414;85</subfield>
    <subfield code="7">0</subfield>
    <subfield code="9">61910</subfield>
    <subfield code="a">CPL</subfield>
    <subfield code="b">CPL</subfield>
    <subfield code="c">GEN</subfield>
    <subfield code="d">2018-12-17</subfield>
    <subfield code="o">372.82(161.2) &#x414;-85</subfield>
    <subfield code="p">27428</subfield>
    <subfield code="r">2018-12-17</subfield>
    <subfield code="t">27428</subfield>
    <subfield code="w">2018-12-17</subfield>
    <subfield code="y">BK</subfield>
  </datafield>
</record>
